000 00494nam a2200181 i 4500
001 109256
003 ES-MaACL
005 20230906184816.0
007 t|
008 061121s1959 sp r ||||1| spa d
080 _a929:254
100 1 _aMüller, Friederike.
_9165925
245 1 3 _aLa llamada de Dios /
_cFederica Müller de Hauser.
260 _aBarcelona :
_bHerder,
_c1959.
300 _a168 p. ;
_c20 cm.
650 4 _aSacerdotes-
_vBiografías.
_9146802
852 _aES-MaACL
_jC-15993
999 _c109256
_d109256